000 00711nam a2200217 a 4500
001 63025
003 BD-RjUL
005 20211209081143.0
008 170128s1976 enk 000 0 eng
020 _a0701121823 :
_c£4.00
035 _a(BD-RjUL)63153
040 _aDLC
_cDLC
_dBD-RjUL
_beng
041 _aeng
082 0 0 _a823.912
_223
_bLET 1976
100 1 _aLeavis, F. R.
_q(Frank Raymond),
_d1895-1978.
_9187156
245 1 0 _aThought, words and creativity :
_bart and thought in Lawrence /
_cby F. R. Leavis.
260 _aLondon :
_bChatto & Windus,
_c1976
300 _a155 p. ;
_c23 cm.
600 1 0 _aLawrence, D. H.
_q(David Herbert),
_d1885-1930
_xCriticism and interpretation.
_9187492
942 _2ddc
_cBK
999 _c63025
_d63025